000 01201nam0a2200265 4500
001 RU\NLR\bibl\863093
005 20260405175022.0
035 _a(NLR Aleph) 000851763
090 _a1484505
_c1484505
100 _a20051031d2005 |||y0rusy50 ca
101 0 _arus
102 _aRU
105 _aa |||||||||
200 1 _aКнижная графика В.А. Тодыкова
_eкаталог. 1938-1994
_fМ.П. Чебодаева
210 _aСанкт-Петербург
_c[б.и.]
_d2005
215 _a79 с.
_cил.
_d29
309 _aЧасть текста на одной стороне листа
604 _1200#1$aТодыков$bВ.А.$gВладимир Александрович$f1938 - 1994
_12351#$aКнижные иллюстрации
_aТодыков, Владимир Александрович (1938 - 1994)
_tКнижные иллюстрации
_jКаталоги
_3RU\NLR\AUTH\661433465
_92405233
686 _aЩ153(2Р=Х)7-8Тодыков
700 1 _4070
_7ca
_8rus
_aЧебодаева
_bМ. П.
_gМаина Петровна
_959094
_3RU\NLR\auth\7776166
801 0 _aRU
_bNLR
_c20051031
_grcr
801 1 _aRU
_bNLR
_c20051031
942 _cBOOK
980 _aNB